[Event "VI Festival Piemonte Scacchi"]
[Site "Torino ITA"]
[Date "2005.11.19"]
[Round "2"]
[White "Moschetto, Giuliano"]
[Black "Diana, Riccardo"]
[Result "0-1"]
[WhiteElo "1694"]
[BlackElo "2096"]
[PlyCount "48"]
[EventDate "2005.11.18"]

1. e4 e5 2. Bc4 Nf6 3. d3 Nc6 4. a3 d5 5. exd5 Nxd5 6. Nf3 Be7 7. O-O O-O 8. b4
a6 9. Bb2 Bf6 10. Nbd2 g6 11. Re1 Re8 12. h3 Bg7 13. Nf1 h6 14. Qd2 g5 15. Bxd5
Qxd5 16. Ne3 Qd8 17. Re2 e4 18. Bxg7 exf3 19. Qc3 fxe2 20. Bh8 f6 21. Bxf6 Qd7
22. Ng4 Qh7 23. Bxg5 Bxg4 24. Bd2 Be6 0-1

[Event "VI Festival Piemonte Scacchi"]
[Site "Torino ITA"]
[Date "2005.11.19"]
[Round "2"]
[White "Picarella, Marco"]
[Black "Martin, Tiziano"]
[Result "1/2-1/2"]
[WhiteElo "1706"]
[BlackElo "2002"]
[PlyCount "73"]
[EventDate "2005.11.18"]

1. d4 d6 2. c4 e5 3. dxe5 dxe5 4. Qxd8+ Kxd8 5. g3 Be6 6. Bg2 c6 7. b3 Bb4+ 8.
Bd2 a5 9. Nf3 f6 10. O-O Nd7 11. Rd1 Kc7 12. Ne1 Ne7 13. Nd3 Bxd2 14. Nxd2 Rhd8
15. Ne4 b6 16. Rac1 f5 17. Nc3 e4 18. Nf4 Bf7 19. f3 exf3 20. exf3 Nc5 21. Re1
Ng8 22. Re5 g6 23. g4 fxg4 24. fxg4 Re8 25. Rce1 g5 26. Rxe8 Rxe8 27. Rxe8 Bxe8
28. Nh3 h6 29. Nf2 Nf6 30. Bf3 Bg6 31. Kg2 Kd6 32. Kg3 Bc2 33. h4 gxh4+ 34.
Kxh4 Kc7 35. Bg2 Kd6 36. Bf3 Bh7 37. Bg2 1/2-1/2

[Event "VI Festival Piemonte Scacchi"]
[Site "Torino ITA"]
[Date "2005.11.19"]
[Round "2"]
[White "Saccona, Silvano"]
[Black "Pettorusso, Aldo"]
[Result "1-0"]
[WhiteElo "2155"]
[BlackElo "1634"]
[PlyCount "78"]
[EventDate "2005.11.18"]

1. e4 e5 2. Nf3 Nc6 3. Bb5 a6 4. Ba4 Nf6 5. O-O Be7 6. Re1 b5 7. Bb3 O-O 8. c3
Na5 9. Nxe5 d6 10. Nxf7 Rxf7 11. Bxf7+ Kxf7 12. d3 c5 13. Nd2 Nc6 14. Nf1 Ne5
15. f4 Ng6 16. Ng3 Qc7 17. f5 Ne5 18. Bg5 Ned7 19. Kh1 Bb7 20. a4 Re8 21. axb5
axb5 22. Qb3+ c4 23. Qxb5 cxd3 24. Qxd3 Ne5 25. Qe2 Qc6 26. Ra5 Nfg4 27. Bxe7
Rxe7 28. h3 Nd3 29. hxg4 Nxe1 30. Qxe1 Qb6 31. Qa1 Kf8 32. Ra4 Qe3 33. Nf1 Qh6+
34. Kg1 d5 35. exd5 Bxd5 36. Rd4 Qc6 37. Qd1 Qb6 38. Qd2 Kf7 39. Qf2 Bc4 1-0

[Event "VI Festival Piemonte Scacchi"]
[Site "Torino ITA"]
[Date "2005.11.19"]
[Round "2"]
[White "Sola, Giuseppe"]
[Black "Gallucci, Alessio"]
[Result "0-1"]
[WhiteElo "1902"]
[BlackElo "1742"]
[PlyCount "106"]
[EventDate "2005.11.18"]

1. e4 c5 2. Nf3 Nc6 3. d4 cxd4 4. Nxd4 Nf6 5. Nc3 e5 6. Ndb5 d6 7. Bg5 a6 8.
Na3 b5 9. Nd5 Be7 10. Nxe7 Nxe7 11. Bxf6 gxf6 12. Bd3 f5 13. exf5 Bxf5 14. Bxf5
Nxf5 15. O-O Qg5 16. Qd5 O-O 17. c4 Rac8 18. cxb5 Rc5 19. Qd3 axb5 20. Nxb5 e4
21. Qxe4 Rxb5 22. f4 Qf6 23. b3 Qd4+ 24. Qxd4 Nxd4 25. Rad1 Nf5 26. Rf3 Rc8 27.
g4 Nh4 28. Rfd3 Rc2 29. a4 Rg2+ 30. Kh1 Rb4 31. Rg3 Rf2 32. f5 Re4 33. Rh3 Nf3
34. f6 Ree2 35. Rxf3 Rxf3 36. g5 Rxb3 37. Rc1 Rb8 38. a5 Ra2 39. Rd1 Kf8 40. h4
Ke8 41. a6 Rxa6 42. Re1+ Kf8 43. Kg2 Ra3 44. Rc1 Rb2+ 45. Kf1 Ke8 46. Re1+ Kd7
47. Re7+ Kc6 48. h5 Ra1+ 49. Re1 Rxe1+ 50. Kxe1 Rg2 51. g6 hxg6 52. Kf1 Rg5 53.
hxg6 Rxg6 0-1

[Event "VI Festival Piemonte Scacchi"]
[Site "Torino ITA"]
[Date "2005.11.19"]
[Round "2"]
[White "Torrione, William"]
[Black "Napoli, Claudio"]
[Result "0-1"]
[WhiteElo "1883"]
[BlackElo "1799"]
[PlyCount "58"]
[EventDate "2005.11.18"]

1. d4 d5 2. c4 c6 3. Nc3 Nf6 4. Nf3 e6 5. Bg5 dxc4 6. e4 b5 7. e5 h6 8. Bh4 g5
9. Nxg5 hxg5 10. Bxg5 Nbd7 11. exf6 Bb7 12. h4 Qa5 13. Qd2 O-O-O 14. f3 e5 15.
dxe5 Nxe5 16. Qf4 Bd6 17. Qf5+ Kb8 18. O-O-O Qb6 19. Nb1 Bc8 20. Qe4 Nd3+ 21.
Bxd3 cxd3 22. Rxd3 Bf5 23. Qe3 Bxd3 24. Qxd3 Qc5+ 25. Qc2 Qxg5+ 26. hxg5 Bf4+
27. Qd2 Rxh1+ 28. Kc2 Bxd2 29. Nxd2 Rh2 0-1

[Event "VI Festival Piemonte Scacchi"]
[Site "Torino ITA"]
[Date "2005.11.19"]
[Round "2"]
[White "Verardi, Gianparide"]
[Black "Gussone, Claudio"]
[Result "0-1"]
[WhiteElo "1640"]
[BlackElo "1885"]
[PlyCount "98"]
[EventDate "2005.11.18"]

1. Nf3 d6 2. d4 Nf6 3. Nc3 g6 4. e4 Bg7 5. Bg5 O-O 6. h3 c6 7. a4 a5 8. Qd2
Nbd7 9. Bh6 e5 10. Bxg7 Kxg7 11. O-O-O Qe7 12. dxe5 dxe5 13. Bc4 Nb6 14. Bb3
Nfd7 15. Qd6 Qxd6 16. Rxd6 f6 17. Rhd1 Nc5 18. Nh2 Bd7 19. Ng4 Rae8 20. Ne3
Nxb3+ 21. cxb3 Be6 22. Kc2 Rf7 23. f3 Rd7 24. Rxe6 Rxe6 25. Rxd7+ Nxd7 26. Kc1
Kf7 27. Kc2 Ke7 28. Nc4 b6 29. Ne3 h6 30. g3 h5 31. Nb1 Kd6 32. Nd2 Kc5 33. Kc3
b5 34. Kc2 Kb4 35. Nd1 bxa4 36. bxa4 Kxa4 37. Nc3+ Kb4 38. Nb3 Nc5 39. Nc1 a4
40. N1e2 Kc4 41. Nd1 Nb3 42. Nec3 Nd4+ 43. Kc1 Kb3 44. f4 exf4 45. gxf4 Nb5 46.
Kd2 Nxc3 47. Nxc3 a3 48. e5 fxe5 49. fxe5 Re7 0-1

[Event "VI Festival Piemonte Scacchi"]
[Site "Torino ITA"]
[Date "2005.11.20"]
[Round "3"]
[White "Angioni, Gian Carlo"]
[Black "Sola, Giuseppe"]
[Result "1-0"]
[WhiteElo "1832"]
[BlackElo "1902"]
[PlyCount "81"]
[EventDate "2005.11.18"]

1. e4 c5 2. Nf3 d6 3. d4 cxd4 4. Nxd4 Nf6 5. Nc3 a6 6. Bg5 e6 7. f4 Be7 8. Qf3
Qc7 9. Bd3 Nbd7 10. O-O-O b5 11. Rhe1 b4 12. Nd5 Nxd5 13. exd5 Bxg5 14. Rxe6+
fxe6 15. Qh5+ g6 16. Bxg6+ Ke7 17. Qxg5+ Nf6 18. Nc6+ Qxc6 19. dxc6 hxg6 20.
Qxg6 Rg8 21. Qd3 d5 22. Qe3 Ne4 23. g3 a5 24. f5 exf5 25. Rxd5 Be6 26. Rd1 Ra6
27. c7 Rc8 28. Qd4 Nf6 29. Qc5+ Kf7 30. Rd8 Raa8 31. Qf8+ Kg6 32. h4 Nd5 33.
h5+ Kxh5 34. Qe8+ Kg4 35. Qxe6 Rxd8 36. cxd8=Q Rxd8 37. Qg6+ Kf3 38. Qxf5+ Ke2
39. Qd3+ Kf2 40. c4 bxc3 41. bxc3 1-0

[Event "VI Festival Piemonte Scacchi"]
[Site "Torino ITA"]
[Date "2005.11.20"]
[Round "3"]
[White "Berutti, Mario"]
[Black "Blundo, Michele"]
[Result "1-0"]
[WhiteElo "1862"]
[BlackElo "1682"]
[PlyCount "57"]
[EventDate "2005.11.18"]

1. d4 Nf6 2. f4 e6 3. Nf3 d6 4. e3 Be7 5. Bd3 h6 6. O-O Nbd7 7. Nbd2 b6 8. b3
Bb7 9. Bb2 d5 10. Ne5 Nxe5 11. fxe5 Ne4 12. Bxe4 dxe4 13. Qg4 Bg5 14. Rae1 h5
15. Qe2 Qd7 16. a4 a5 17. c4 Rd8 18. Nb1 f5 19. exf6 gxf6 20. d5 e5 21. Nc3 f5
22. Qf2 Bc8 23. Qg3 Qe7 24. Nb5 f4 25. exf4 exf4 26. Rxf4 Bxf4 27. Qxf4 Rf8 28.
Qh6 c5 29. Qg6+ 1-0

[Event "VI Festival Piemonte Scacchi"]
[Site "Torino ITA"]
[Date "2005.11.20"]
[Round "3"]
[White "Diana, Riccardo"]
[Black "Saccona, Silvano"]
[Result "0-1"]
[WhiteElo "2096"]
[BlackElo "2155"]
[PlyCount "33"]
[EventDate "2005.11.18"]

1. e4 c6 2. d4 d5 3. exd5 cxd5 4. Nf3 Bg4 5. Be2 Nf6 6. Nc3 Qa5 7. h3 Bh5 8.
O-O e6 9. Ne5 Bg6 10. Bd2 Be7 11. Ne4 Qb6 12. Nxf6+ Bxf6 13. Bc3 O-O 14. Bd3
Rd8 15. Bxg6 hxg6 16. Qe2 Na6 17. Rfd1 0-1

[Event "VI Festival Piemonte Scacchi"]
[Site "Torino ITA"]
[Date "2005.11.20"]
[Round "3"]
[White "Racioppo, Paolo"]
[Black "Catana, Costel"]
[Result "1-0"]
[WhiteElo "2188"]
[BlackElo "2095"]
[PlyCount "63"]
[EventDate "2005.11.18"]

1. f4 d5 2. Nf3 Nf6 3. e3 Nc6 4. Bb5 Bd7 5. b3 a6 6. Bxc6 Bxc6 7. Ne5 e6 8. Bb2
Be7 9. Nxc6 bxc6 10. O-O c5 11. Qf3 Qd7 12. d3 h6 13. Nd2 c6 14. Qg3 O-O-O 15.
Nf3 Qe8 16. Qe1 Rg8 17. Qa5 Kb7 18. a3 Rc8 19. b4 Qd8 20. Qa4 Nd7 21. c4 f6 22.
Bc3 Qb6 23. bxc5 Nxc5 24. Qc2 Kc7 25. Rab1 Qa7 26. cxd5 cxd5 27. Rfc1 Kd7 28.
d4 Ne4 29. Qa4+ Rc6 30. Bb4 Rgc8 31. Bxe7 Kxe7 32. Rxc6 1-0

[Event "VI Festival Piemonte Scacchi"]
[Site "Torino ITA"]
[Date "2005.11.25"]
[Round "5"]
[White "Angioni, Gian Carlo"]
[Black "Picarella, Marco"]
[Result "1/2-1/2"]
[WhiteElo "1832"]
[BlackElo "1706"]
[PlyCount "57"]
[EventDate "2005.11.18"]

1. e4 c6 2. d4 d5 3. Nd2 dxe4 4. Nxe4 Bf5 5. Ng3 Bg6 6. h4 h6 7. Nf3 Nd7 8. h5
Bh7 9. Bd3 Bxd3 10. Qxd3 Ngf6 11. Bd2 e6 12. O-O-O Be7 13. Ne4 Nxe4 14. Qxe4
Nf6 15. Qe2 b5 16. Ne5 Qd5 17. Kb1 Ne4 18. Bf4 b4 19. Rh3 a5 20. Re3 Nd6 21.
Ng6 fxg6 22. Rxe6 O-O 23. Bxh6 Nf5 24. hxg6 Nxd4 25. Rxe7 Nxe2 26. Rxd5 cxd5
27. Rxg7+ Kh8 28. Rh7+ Kg8 29. Rg7+ 1/2-1/2

[Event "VI Festival Piemonte Scacchi"]
[Site "Torino ITA"]
[Date "2005.11.25"]
[Round "5"]
[White "Berutti, Mario"]
[Black "Liviabella, Lucio"]
[Result "1-0"]
[WhiteElo "1862"]
[BlackElo "1568"]
[PlyCount "61"]
[EventDate "2005.11.18"]

1. d4 Nf6 2. c4 d6 3. Nc3 g6 4. e4 Bg7 5. f3 O-O 6. Be3 Nbd7 7. Qd2 b6 8. Bh6
Nh5 9. g4 Bxh6 10. Qxh6 Ng7 11. h4 e5 12. h5 g5 13. Bd3 f5 14. exf5 exd4 15. f6
Nxf6 16. Nd5 Nge8 17. Qxg5+ Kh8 18. Qh6 Rf7 19. Bg6 Nxd5 20. Bxf7 Qe7+ 21. Ne2
Qxf7 22. cxd5 Nf6 23. O-O-O Nxd5 24. Nxd4 Bb7 25. g5 Qf4+ 26. Kb1 Rg8 27. Ne6
Qf5+ 28. Ka1 Bc8 29. g6 Rxg6 30. hxg6 Nf6 31. Qg7# 1-0

[Event "VI Festival Piemonte Scacchi"]
[Site "Torino ITA"]
[Date "2005.11.25"]
[Round "5"]
[White "Capuzzimati, Fausto"]
[Black "Catana, Costel"]
[Result "1-0"]
[WhiteElo "1488"]
[BlackElo "2095"]
[PlyCount "59"]
[EventDate "2005.11.18"]

1. c4 e5 2. Nc3 Nf6 3. e4 Nc6 4. Nf3 Bb4 5. d3 h6 6. Be3 d6 7. Be2 O-O 8. a3
Bxc3+ 9. bxc3 Ng4 10. O-O f5 11. h3 Nxe3 12. fxe3 fxe4 13. dxe4 b6 14. Qd5+ Kh7
15. Qxc6 Rb8 16. Qd5 Qe7 17. Rf2 Be6 18. Qd3 Rf7 19. Raf1 g5 20. Qc2 Rg8 21.
Nh2 Rfg7 22. Ng4 Bxg4 23. Bxg4 Qe8 24. Qd1 Qc6 25. Be6 Re8 26. Qd5 Qa4 27. Rf7
Reg8 28. Rxg7+ Rxg7 29. Bf5+ Kh8 30. Qe6 1-0

[Event "VI Festival Piemonte Scacchi"]
[Site "Torino ITA"]
[Date "2005.11.25"]
[Round "5"]
[White "Diana, Riccardo"]
[Black "Napoli, Claudio"]
[Result "1/2-1/2"]
[WhiteElo "2096"]
[BlackElo "1799"]
[PlyCount "78"]
[EventDate "2005.11.18"]

1. c4 c6 2. Nf3 d5 3. d4 Nf6 4. Nc3 e6 5. e3 Bd6 6. Bd3 Nbd7 7. O-O O-O 8. e4
dxe4 9. Nxe4 Nxe4 10. Bxe4 Nf6 11. Bc2 h6 12. Qe2 Qa5 13. c5 Be7 14. Ne5 Nd5
15. a3 Qc7 16. Qd3 f5 17. f4 b6 18. Ba4 bxc5 19. Bxc6 Bb7 20. Bxb7 Qxb7 21.
dxc5 Bxc5+ 22. Kh1 Rad8 23. Qc4 Rc8 24. Qa4 Nb6 25. Qb3 Qd5 26. Qxd5 exd5 27.
Rd1 Rfd8 28. b4 Bd6 29. Be3 Bb8 30. Bc5 Nc4 31. Nxc4 dxc4 32. Rdc1 Bxf4 33.
Rxc4 Be5 34. Re1 Bb2 35. Rf4 Bxa3 36. Bxa7 Rd5 37. Bc5 g5 38. Rf3 Bb2 39. g3
Kf7 1/2-1/2

[Event "VI Festival Piemonte Scacchi"]
[Site "Torino ITA"]
[Date "2005.11.25"]
[Round "5"]
[White "Gallucci, Alessio"]
[Black "Marello, Giampiero"]
[Result "1-0"]
[WhiteElo "1742"]
[BlackElo "1556"]
[PlyCount "54"]
[EventDate "2005.11.18"]

1. e4 c5 2. Nc3 e6 3. f4 d5 4. e5 Nc6 5. Nf3 Nge7 6. Bb5 a6 7. Bxc6+ Nxc6 8. d4
b5 9. Be3 c4 10. O-O Be7 11. g4 O-O 12. Ne2 f6 13. Rf2 fxe5 14. Nxe5 Nxe5 15.
dxe5 Bh4 16. Rf3 Bb7 17. Nd4 Qe8 18. g5 h6 19. Rh3 hxg5 20. fxg5 Bxg5 21. Bxg5
Qg6 22. Rg3 Qe4 23. Bf6 g6 24. Qd2 Rxf6 25. exf6 e5 26. Ne6 d4 27. f7+ Kxf7 1-0

[Event "VI Festival Piemonte Scacchi"]
[Site "Torino ITA"]
[Date "2005.11.25"]
[Round "5"]
[White "Groger, Astrid"]
[Black "Torrione, William"]
[Result "0-1"]
[WhiteElo "1535"]
[BlackElo "1883"]
[PlyCount "54"]
[EventDate "2005.11.18"]

1. e4 c5 2. Nf3 d6 3. d4 cxd4 4. Nxd4 Nc6 5. Bb5 Bd7 6. O-O g6 7. Be3 Bg7 8.
Nc3 Nf6 9. Qd2 Ng4 10. Nxc6 bxc6 11. Bc4 Nxe3 12. Qxe3 Qb6 13. Qf3 O-O 14. Bb3
Be6 15. Rad1 a5 16. Na4 Qa7 17. Kh1 c5 18. Bd5 Rab8 19. b3 Qd7 20. c4 Bg4 21.
Qd3 Bxd1 22. Rxd1 e6 23. Nxc5 dxc5 24. Bxe6 Qxd3 25. Bxf7+ Rxf7 26. Rxd3 Rxf2
27. Rd5 Rf1# 0-1

[Event "VI Festival Piemonte Scacchi"]
[Site "Torino ITA"]
[Date "2005.11.25"]
[Round "5"]
[White "Gussone, Claudio"]
[Black "Cottone, Salvatore"]
[Result "1/2-1/2"]
[WhiteElo "1885"]
[BlackElo "1769"]
[PlyCount "40"]
[EventDate "2005.11.18"]

1. d4 d6 2. c4 e5 3. dxe5 dxe5 4. Qxd8+ Kxd8 5. e4 Be6 6. Nc3 c6 7. Nf3 f6 8.
Be3 Kc7 9. Nd2 Nd7 10. Be2 h5 11. h4 a5 12. O-O-O Ne7 13. b3 Nc8 14. Kb2 Ncb6
15. a3 Bc5 16. Bxc5 Nxc5 17. Nf1 Ncd7 18. Ne3 g6 19. Rd2 Rhd8 20. Rhd1 Nc5
1/2-1/2

[Event "VI Festival Piemonte Scacchi"]
[Site "Torino ITA"]
[Date "2005.11.25"]
[Round "5"]
[White "Iacomussi, Mario"]
[Black "Moschetto, Giuliano"]
[Result "0-1"]
[WhiteElo "1667"]
[BlackElo "1694"]
[PlyCount "114"]
[EventDate "2005.11.18"]

1. d4 d5 2. Nf3 Nf6 3. c4 g6 4. cxd5 Qxd5 5. Nc3 Qa5 6. Bd2 Qf5 7. h3 Ne4 8.
Nxe4 Qxe4 9. e3 Bg7 10. Bb4 Bf6 11. Bd3 Qe6 12. Qe2 O-O 13. e4 Re8 14. e5 Bg7
15. Ng5 Qd7 16. Bc3 e6 17. Ne4 a6 18. Nc5 Qd8 19. h4 Nd7 20. Nb3 Nb6 21. h5 Nd5
22. Bd2 Ne7 23. hxg6 fxg6 24. Bg5 Qd7 25. Bxe7 Rxe7 26. Qg4 Qe8 27. Qh4 Bh8 28.
Qg5 Rg7 29. Rh6 Qe7 30. Qd2 b6 31. Be4 Ra7 32. d5 Rf7 33. Nd4 exd5 34. Bxd5
Qxe5+ 35. Ne2 Be6 36. Bxe6 Qxe6 37. Rh3 Rd7 38. Rd3 Rxd3 39. Qxd3 Kf7 40. Rd1
c5 41. Qf3+ Bf6 42. Kf1 Re7 43. Nf4 Qc4+ 44. Kg1 Qe4 45. Nd5 Qxf3 46. gxf3 Rd7
47. Ne3 Rxd1+ 48. Nxd1 Bd4 49. b3 Kf6 50. Kg2 Kf5 51. Ne3+ Bxe3 52. fxe3 b5 53.
Kg3 c4 54. Kf2 h5 55. bxc4 bxc4 56. a3 h4 57. Ke2 h3 0-1

[Event "VI Festival Piemonte Scacchi"]
[Site "Torino ITA"]
[Date "2005.11.25"]
[Round "5"]
[White "Martin, Tiziano"]
[Black "Malano, Francesco"]
[Result "0-1"]
[WhiteElo "2002"]
[BlackElo "2037"]
[PlyCount "68"]
[EventDate "2005.11.18"]

1. e4 c5 2. Nc3 Nc6 3. g3 g6 4. Bg2 Bg7 5. d3 d6 6. Be3 e6 7. Nf3 Nge7 8. O-O
O-O 9. d4 cxd4 10. Nxd4 d5 11. exd5 Nxd5 12. Nxd5 exd5 13. Qd2 Re8 14. c3 Bg4
15. Rfe1 Qd7 16. Nxc6 bxc6 17. Bd4 Rab8 18. Bxg7 Kxg7 19. Rxe8 Rxe8 20. Re1
Rxe1+ 21. Qxe1 Qe6 22. Qxe6 fxe6 23. f4 c5 24. Kf2 Kf6 25. Ke3 Bf5 26. b4 d4+
27. cxd4 cxb4 28. Bf1 Bb1 29. Bc4 h6 30. Kd2 Be4 31. Bb3 Kf5 32. Ke3 Bd5 33.
Bc2+ Kg4 34. Kf2 Bxa2 0-1

[Event "VI Festival Piemonte Scacchi"]
[Site "Torino ITA"]
[Date "2005.11.25"]
[Round "5"]
[White "Pettorusso, Aldo"]
[Black "Milanesi, Erminio"]
[Result "0-1"]
[WhiteElo "1634"]
[BlackElo "1616"]
[PlyCount "50"]
[EventDate "2005.11.18"]

1. e4 g6 2. d4 Nh6 3. Nf3 f6 4. Bc4 e6 5. O-O Nf7 6. Qe2 Bg7 7. Nc3 O-O 8. Rd1
c6 9. d5 Qe7 10. Be3 d6 11. a4 cxd5 12. exd5 e5 13. Nd2 f5 14. f3 a6 15. Bb3
Nd7 16. a5 Nf6 17. Na4 Bd7 18. Nb6 Rad8 19. c4 g5 20. c5 f4 21. cxd6 Qxd6 22.
Ndc4 Qb4 23. Bc2 fxe3 24. Qxe3 e4 25. Ra4 Bxa4 0-1

[Event "VI Festival Piemonte Scacchi"]
[Site "Torino ITA"]
[Date "2005.11.25"]
[Round "5"]
[White "Sattanino, Andrea"]
[Black "Finocchiaro, Gianluca"]
[Result "1/2-1/2"]
[WhiteElo "1530"]
[BlackElo "1834"]
[PlyCount "50"]
[EventDate "2005.11.18"]

1. d4 d5 2. c4 e5 3. cxd5 Qxd5 4. dxe5 Qxd1+ 5. Kxd1 Nc6 6. f4 Bf5 7. Nf3
O-O-O+ 8. Bd2 Nb4 9. Nc3 Bc5 10. a3 Nc2 11. Rc1 Nd4 12. e4 Nxf3 13. gxf3 Be3
14. Rc2 Be6 15. Kc1 Bb6 16. b4 Ne7 17. b5 Bc5 18. Kb2 f5 19. exf6 gxf6 20. f5
Bf7 21. Be2 Rhg8 22. Bf4 Bd4 23. Rd1 Rg2 24. Rdd2 Rd7 25. Bf1 Rg1 1/2-1/2

[Event "VI Festival Piemonte Scacchi"]
[Site "Torino ITA"]
[Date "2005.11.25"]
[Round "5"]
[White "Sorcinelli, Francesco"]
[Black "Figari, Andrea"]
[Result "1-0"]
[WhiteElo "2071"]
[BlackElo "1524"]
[PlyCount "39"]
[EventDate "2005.11.18"]

1. e4 e5 2. f4 d6 3. Nf3 Bg4 4. Nc3 Nf6 5. Bc4 Be7 6. fxe5 Bxf3 7. Qxf3 dxe5 8.
d3 Nc6 9. O-O Nd4 10. Qg3 Bc5 11. Qxe5+ Ne6+ 12. Kh1 Qe7 13. Nd5 Nxd5 14. exd5
Bd6 15. Qh5 g6 16. Qh6 Nd4 17. Bg5 Qf8 18. Rae1+ Kd7 19. Qh3+ Nf5 20. Rxf5 1-0

[Event "VI Festival Piemonte Scacchi"]
[Site "Torino ITA"]
[Date "2005.11.27"]
[Round "7"]
[White "Angioni, Gian Carlo"]
[Black "Racioppo, Paolo"]
[Result "0-1"]
[WhiteElo "1832"]
[BlackElo "2188"]
[PlyCount "96"]
[EventDate "2005.11.18"]

1. e4 c5 2. Nf3 a6 3. d4 cxd4 4. Nxd4 Nf6 5. Nc3 e5 6. Nb3 d6 7. Be2 Be7 8. Be3
Nbd7 9. a4 b6 10. O-O Bb7 11. f3 Rc8 12. Qd2 O-O 13. Rfd1 Qc7 14. Qe1 Rfd8 15.
Rd2 Nc5 16. Qf1 d5 17. exd5 Nxd5 18. Nxd5 Bxd5 19. Nxc5 Bxc5 20. Bxc5 Qxc5+ 21.
Kh1 Be6 22. Bd3 g6 23. Qe2 a5 24. c3 Rd6 25. Bb5 Rcd8 26. Rad1 Bb3 27. Rxd6
Rxd6 28. Rxd6 Qxd6 29. Kg1 h5 30. h3 Qd5 31. Kf2 f5 32. Ke1 Qc5 33. Qf2 f4 34.
Qxc5 bxc5 35. c4 Bc2 36. Bc6 Bd3 37. Bb5 Kf8 38. h4 Ke7 39. Kf2 Kf6 40. g3 g5
41. hxg5+ Kxg5 42. Ba6 fxg3+ 43. Kxg3 h4+ 44. Kg2 Kf4 45. Kf2 h3 46. Bb5 e4 47.
fxe4 Bxe4 48. Kf1 Kg3 0-1

[Event "VI Festival Piemonte Scacchi"]
[Site "Torino ITA"]
[Date "2005.11.27"]
[Round "7"]
[White "Cottone, Salvatore"]
[Black "Marello, Giampiero"]
[Result "1/2-1/2"]
[WhiteElo "1769"]
[BlackElo "1556"]
[PlyCount "84"]
[EventDate "2005.11.18"]

1. d4 Nf6 2. Nf3 d5 3. e3 Bg4 4. c4 e6 5. Nc3 Bb4 6. Qa4+ Nc6 7. Ne5 Bxc3+ 8.
bxc3 O-O 9. Nxc6 bxc6 10. f3 Bf5 11. Ba3 Re8 12. Qxc6 Bg6 13. Be2 dxc4 14. Bxc4
Nd5 15. Bxd5 exd5 16. Kf2 Re6 17. Qc5 Qe8 18. Qxd5 Rd8 19. Qg5 h6 20. Qf4 Qa4
21. Bb4 Qc2+ 22. Kg3 Bh5 23. e4 Rg6+ 24. Kh4 Qxg2 25. Rag1 Qf2+ 26. Rg3 Rxg3
27. Qxg3 Qxf3 28. Qxf3 Bxf3 29. Re1 Re8 30. e5 Bd5 31. Kg4 f6 32. a4 Kf7 33.
Rf1 Kg6 34. exf6 Re4+ 35. Rf4 Rxf4+ 36. Kxf4 Kxf6 37. h4 g6 38. Bf8 g5+ 39.
hxg5+ hxg5+ 40. Kg3 Kf5 41. Be7 Be6 42. a5 a6 1/2-1/2

[Event "VI Festival Piemonte Scacchi"]
[Site "Torino ITA"]
[Date "2005.11.27"]
[Round "7"]
[White "Fassio, Francesco"]
[Black "Domenichelli, Serafino"]
[Result "0-1"]
[WhiteElo "1457"]
[BlackElo "1826"]
[PlyCount "70"]
[EventDate "2005.11.18"]

1. c4 Nf6 2. Nc3 e6 3. e4 d6 4. d4 c6 5. Nf3 Be7 6. Bd3 Nbd7 7. O-O h6 8. b3
O-O 9. Bb2 b6 10. Re1 Qc7 11. Qc2 Bb7 12. Rad1 Rac8 13. h3 Rfd8 14. e5 dxe5 15.
Nxe5 Nxe5 16. dxe5 Nd7 17. Qe2 Bb4 18. a3 Bxc3 19. Bxc3 c5 20. Be4 Bxe4 21.
Qxe4 Nb8 22. Qh4 Nc6 23. Qe4 Rd7 24. Rxd7 Qxd7 25. f4 Rd8 26. Kh2 Ne7 27. g4
Qd3 28. Qe3 Qc2+ 29. Re2 Qxb3 30. Rd2 Rxd2+ 31. Bxd2 Qxc4 32. Qf3 Nd5 33. f5
Qc2 34. Qg2 Qb2 35. g5 Qxe5+ 0-1

[Event "VI Festival Piemonte Scacchi"]
[Site "Torino ITA"]
[Date "2005.11.27"]
[Round "7"]
[White "Franchitti, Luigi"]
[Black "Torrione, William"]
[Result "1/2-1/2"]
[WhiteElo "1572"]
[BlackElo "1883"]
[PlyCount "122"]
[EventDate "2005.11.18"]

1. e4 c5 2. Nf3 d6 3. d4 cxd4 4. Nxd4 Nc6 5. Nc3 g6 6. Nf3 Bg7 7. Nd5 Nf6 8.
Nxf6+ Bxf6 9. c3 O-O 10. Bh6 Re8 11. Bc4 Bg4 12. Bb3 Ne5 13. h3 Nxf3+ 14. gxf3
Be6 15. Bxe6 fxe6 16. Qd2 Bg7 17. h4 Rf8 18. Bxg7 Kxg7 19. h5 Rf6 20. O-O-O Qf8
21. hxg6 Rxg6 22. Rh3 e5 23. Rdh1 h5 24. Rxh5 Qxf3 25. Rh7+ Kf6 26. R7h6 Rag8
27. R6h4 R8g7 28. Rh8 Rg8 29. Rxg8 Rxg8 30. Qh6+ Kf7 31. Qh5+ Qxh5 32. Rxh5
Rg1+ 33. Kc2 Re1 34. Kd3 Rb1 35. Kc2 Re1 36. Kd3 Ke6 37. c4 Rd1+ 38. Kc3 Rd4
39. f3 Rd1 40. a4 Rf1 41. Rh3 a5 42. b3 Kd7 43. Rg3 Rf2 44. Rh3 Kc6 45. Rg3 Kc5
46. Rh3 Rf1 47. Rg3 e6 48. Rh3 d5 49. cxd5 exd5 50. exd5 Kxd5 51. Kc2 Kc5 52.
Kc3 b5 53. axb5 Kxb5 54. Rg3 Rc1+ 55. Kb2 Re1 56. Kc3 Re3+ 57. Kb2 e4 58. Rg5+
Kb4 59. fxe4 Re2+ 60. Kc1 Rxe4 61. Rg3 Re2 1/2-1/2

[Event "VI Festival Piemonte Scacchi"]
[Site "Torino ITA"]
[Date "2005.11.27"]
[Round "7"]
[White "Gallucci, Alessio"]
[Black "Saccona, Silvano"]
[Result "1-0"]
[WhiteElo "1742"]
[BlackElo "2155"]
[PlyCount "29"]
[EventDate "2005.11.18"]

1. e4 c6 2. d4 d5 3. e5 Bf5 4. Nc3 a6 5. Be3 Qb6 6. Bd3 Bg6 7. Bxg6 hxg6 8. e6
Qxb2 9. exf7+ Kxf7 10. Nf3 Nd7 11. Qd3 Qxa1+ 12. Ke2 Qxh1 13. Ng5+ Kf6 14.
Nce4+ dxe4 15. Qc4 1-0

[Event "VI Festival Piemonte Scacchi"]
[Site "Torino ITA"]
[Date "2005.11.27"]
[Round "7"]
[White "Gussone, Claudio"]
[Black "Dezzi, Marco"]
[Result "1-0"]
[WhiteElo "1885"]
[BlackElo "1592"]
[PlyCount "97"]
[EventDate "2005.11.18"]

1. d4 Nf6 2. c4 e6 3. Nf3 c5 4. g3 Nc6 5. Bg2 b6 6. d5 Na5 7. Ne5 Bb7 8. O-O
exd5 9. cxd5 d6 10. Qa4+ Nd7 11. Nc6 Qc7 12. Qe4+ Ne5 13. f4 Naxc6 14. dxc6
Bxc6 15. Qe3 Bxg2 16. Kxg2 Qc6+ 17. Rf3 f6 18. fxe5 dxe5 19. Nc3 Be7 20. Bd2
O-O 21. Qe4 Qxe4 22. Nxe4 Rad8 23. Rd1 Rd4 24. Nc3 Rfd8 25. Rd3 Rxd3 26. exd3
Rxd3 27. Bc1 Rxd1 28. Nxd1 Kf7 29. g4 Ke6 30. Kf3 Kd5 31. Nc3+ Kc4 32. Ke4 Bf8
33. Nd5 Bd6 34. Ne3+ Kb5 35. Kd5 Bb8 36. h3 a5 37. Nf5 g6 38. Ne7 e4 39. Kxe4
Kc4 40. Nc6 Bd6 41. Bd2 a4 42. Nd8 Be5 43. Bc1 b5 44. g5 Bd4 45. gxf6 Bxf6 46.
Nb7 a3 47. Nd6+ Kb4 48. Bd2+ Ka4 49. b3# 1-0

[Event "VI Festival Piemonte Scacchi"]
[Site "Torino ITA"]
[Date "2005.11.27"]
[Round "7"]
[White "Liviabella, Lucio"]
[Black "Moschetto, Giuliano"]
[Result "0-1"]
[WhiteElo "1568"]
[BlackElo "1694"]
[PlyCount "80"]
[EventDate "2005.11.18"]

1. e4 e5 2. Bc4 Nf6 3. Qe2 Nc6 4. Nf3 Be7 5. h3 O-O 6. a3 d6 7. Nc3 a6 8. d3 b5
9. Ba2 Be6 10. Bxe6 fxe6 11. g4 Nd4 12. Nxd4 exd4 13. Na2 e5 14. Nb4 Qd7 15. g5
Ne8 16. Bd2 a5 17. Na2 c5 18. b4 axb4 19. axb4 Ra6 20. Qd1 Qa7 21. Qb1 Nc7 22.
Qb3+ Kh8 23. O-O Ra3 24. Qb2 Ra8 25. f4 Rxa2 26. Rxa2 Qxa2 27. Qxa2 Rxa2 28.
fxe5 Kg8 29. exd6 Bxd6 30. bxc5 Bxc5 31. Bf4 Ne6 32. Be5 Rxc2 33. Ra1 Nxg5 34.
Ra8+ Kf7 35. Bg3 Nxh3+ 36. Kf1 Ng5 37. Rc8 Ne6 38. Bd6 h5 39. e5 g5 40. Bxc5
Rxc5 0-1